000 00481nam a2200157 4500
001 118009
003 ES-MaACL
005 20230906191019.0
007 t|
008 070214s1968 sp r ||||1| spa d
100 1 _aPelegrí y Partegás, Juan.
_990039
245 1 0 _aTres dimensions educacionals /
_cJoan Pelegrí i Partegás.
260 _aBarcelona :
_b[s.n.],
_c1968 (
_fImp. Vda. de Daniel Cochs i Reig)
300 _a207 p. ;
_c21 cm.
852 _aES-MaACL
_jC-48537
_bR.66431
999 _c118009
_d118009